| 000 | 00321 a2200133 4500 | ||
|---|---|---|---|
| 001 | 88875 | ||
| 082 | _aPR 798 | ||
| 090 |
_c42016 _d42016 |
||
| 100 | _aFaran Hafeez | ||
| 245 | _aFinite element technique (Aerodynamics) | ||
| 260 |
_aKarachi _bNED _c1982 |
||
| 300 |
_a110p. _eSajid Hussain |
||
| 500 | _aBE Project Reports | ||
| 942 |
_aCAE NUST _kPR 798 |
||
| 999 |
_c323948 _d323948 |
||